<?xml version="1.0" encoding="UTF-8"?>
<record
    xmlns:xsi="http://www.w3.org/2001/XMLSchema-instance"
    xsi:schemaLocation="http://www.loc.gov/MARC21/slim http://www.loc.gov/standards/marcxml/schema/MARC21slim.xsd"
    xmlns="http://www.loc.gov/MARC21/slim">

  <leader>00651nam a22001937a 4500</leader>
  <datafield tag="999" ind1=" " ind2=" ">
    <subfield code="c">172385</subfield>
    <subfield code="d">172385</subfield>
  </datafield>
  <controlfield tag="005">20200204124607.0</controlfield>
  <datafield tag="010" ind1=" " ind2=" ">
    <subfield code="a">B-29296</subfield>
  </datafield>
  <datafield tag="020" ind1=" " ind2=" ">
    <subfield code="c">90.00</subfield>
    <subfield code="a">818723122X</subfield>
  </datafield>
  <datafield tag="035" ind1=" " ind2=" ">
    <subfield code="a">B-29296</subfield>
  </datafield>
  <datafield tag="037" ind1=" " ind2=" ">
    <subfield code="b">BPPD/Pub.</subfield>
  </datafield>
  <datafield tag="082" ind1=" " ind2=" ">
    <subfield code="a">840.92</subfield>
  </datafield>
  <datafield tag="100" ind1=" " ind2=" ">
    <subfield code="a">&#x641;&#x6CC;&#x627;&#x636; &#x631;&#x641;&#x639;&#x62A;</subfield>
  </datafield>
  <datafield tag="245" ind1=" " ind2=" ">
    <subfield code="a">&#x632;&#x646;&#x62F;&#x6C1; &#x627;&#x67E;&#x646;&#x6CC; &#x628;&#x627;&#x62A;&#x648;&#x6BA; &#x645;&#x6CC;&#x6BA; :</subfield>
    <subfield code="b">&#x628;&#x6CC;&#x62F;&#x6CC;&#x60C; &#x639;&#x635;&#x645;&#x62A; &#x627;&#x648;&#x631; &#x639;&#x628;&#x627;&#x633; /</subfield>
    <subfield code="c">&#x641;&#x6CC;&#x627;&#x636; &#x631;&#x641;&#x639;&#x62A;</subfield>
  </datafield>
  <datafield tag="246" ind1=" " ind2=" ">
    <subfield code="a">Zinda Apni Batoon Mein (Urdu) /</subfield>
    <subfield code="b">by Faiyaz Rifat</subfield>
  </datafield>
  <datafield tag="260" ind1=" " ind2=" ">
    <subfield code="a">Delhi</subfield>
    <subfield code="b">Takhleeqkar Publishers</subfield>
    <subfield code="c">2000 &#x621;</subfield>
  </datafield>
  <datafield tag="270" ind1=" " ind2=" ">
    <subfield code="a">104/B, Yawar manzil, I-Block, Laxmi Nagar</subfield>
    <subfield code="b">Delhi</subfield>
    <subfield code="e">110092</subfield>
  </datafield>
  <datafield tag="300" ind1=" " ind2=" ">
    <subfield code="a">110p.</subfield>
    <subfield code="c">22cm(Hb)</subfield>
  </datafield>
  <datafield tag="942" ind1=" " ind2=" ">
    <subfield code="2">ddc</subfield>
    <subfield code="c">UR</subfield>
    <subfield code="h">840.92</subfield>
    <subfield code="m">&#x641; &#x6D2; &#x627;</subfield>
  </datafield>
  <datafield tag="952" ind1=" " ind2=" ">
    <subfield code="0">0</subfield>
    <subfield code="1">0</subfield>
    <subfield code="4">0</subfield>
    <subfield code="7">0</subfield>
    <subfield code="8">NFIC</subfield>
    <subfield code="a">L</subfield>
    <subfield code="b">L</subfield>
    <subfield code="d">2020-02-04</subfield>
    <subfield code="e">BPPD/Ven.</subfield>
    <subfield code="g">90.00</subfield>
    <subfield code="l">0</subfield>
    <subfield code="o">840.92 &#x641; &#x6D2; &#x627;</subfield>
    <subfield code="p">B-29296</subfield>
    <subfield code="r">2020-02-04 00:00:00</subfield>
    <subfield code="t">1</subfield>
    <subfield code="v">90.00</subfield>
    <subfield code="w">2020-02-04</subfield>
    <subfield code="y">UR</subfield>
  </datafield>
</record>
